000 00433nam a22001697a 4500
003 NUST - PNEC
005 20170116181011.0
008 150913b xxu||||| |||| 00| 0 eng d
020 _a-
040 _cLIBRARY
082 _a621.75 BUR
100 _910222
_aBurghardt, Henry D
245 _aMachine tool operation:part 1
_cHenry D. Burghardt
260 _cc.1962
650 _910225
_aMachine-shop practice
_xME
942 _2ddc
_cBK
999 _c67117
_d67117